000 00637nam a2200229Ia 4500
003 OSt
005 20220928110258.0
006 a|||||r|||| 00| 0
007 ta
008 220927b |||||||| |||| 00| 0 eng d
024 _a74966
037 _cTextual
040 _aSDCL
_cSDCL
_beng
041 _2eng
_aeng
082 _aV1:51'N39, L3
100 _aAster Sidney
_9418868
245 0 _aNineteen hundred and thirtynine
_b The making of the second world war
260 _aLondon
_bHistory Book Club
_c1973
300 _a456p
_ccm.
942 _hV1:51'N39, L3
_cTEXL
_2CC
999 _c734887
_d734887